| 000 | 02494nam a2200301 a 4500 | ||
|---|---|---|---|
| 001 | ASIN0816636656 | ||
| 003 | OSt | ||
| 005 | 20180116192431.0 | ||
| 008 | 151019s2000 xxu eng d | ||
| 020 |
_a0816636656 (paperback) _c$28.00 |
||
| 020 | _a9780816636655 (paperback) | ||
| 020 | _a0816636648 | ||
| 028 | 4 | 2 |
_aIllustrations _bUniv Of Minnesota Press |
| 040 | _c0 | ||
| 050 | 0 | 4 | _aNA2750 |
| 082 | 0 | 4 | _a721.01 |
| 100 | 1 |
_aPiotrowski, Andrzej. _98202 |
|
| 245 | 1 | 0 |
_aDiscipline of architecture / _cAndrzej Piotrowski, Julia Williams Robinson. |
| 250 | _a1st ed. | ||
| 260 |
_aLondon: _bUniv Of Minnesota Press, _c2000. |
||
| 300 |
_a344 p. ; _c23 cm. |
||
| 520 | _aArchitecture A polemical look at how architectural knowledge is produced, disseminated, and received. In the vast literature on architectural theory and practice, the ways in which architectural knowledge is actually taught, debated, and understood are too often ignored. The essays collected in this groundbreaking volume address the current state of architecture as an academic and professional discipline. The issues considered range from the form and content of architectural education to the architect's social and environmental obligations and the emergence of a new generation of architects. Often critical of the current paradigm, these essays offer a provocative challenge to accepted assumptions about the production, dissemination, and reception of architectural knowledge. Contributors: Sherry Ahrentzen, U of Wisconsin-Milwaukee; Stanford Anderson, MIT; Carol Burns, Harvard U; Russell Ellis, UC Berkeley; Thomas Fisher, U of Minnesota; Linda Groat, U of Michigan; Kay Bea Jones, Ohio State U; David Leatherbarrow, U of Pennsylvania; A. G. Krishna Menon, TVB School of Habitat Studies, India; Garth Rockcastle, U of Minnesota; Michael Stanton, American U, Beirut; Sharon E. Sutton, U of Washington; David J. T. Vanderburgh, Universit Catholique de Louvain, Belgium; and Donald Watson, Rensselaer Polytechnic Institute. Andrzej Piotrowski is associate professor of architecture and Julia Williams Robinson is professor of architecture, both at the University of Minnesota. Translation Inquiries: University of Minnesota Press. | ||
| 650 | 0 |
_aArchitectural design--Philosophy _98203 |
|
| 650 | 0 |
_aArchitecture--Study and teaching _98204 |
|
| 700 | 1 |
_aRobinson, Julia Williams. _98205 |
|
| 856 | 4 | 0 |
_3Amazon.com _uhttp://www.amazon.com/exec/obidos/ASIN/0816636656/chopaconline-20 |
| 942 |
_2ddc _cBK |
||
| 999 |
_c354108 _d354108 |
||